Largest out of Province Diasporas by Canadian CMA - Statistics

General Stats
  • This quiz has been taken 29 times
  • The average score is 16 of 21
Answer Stats
CMA # Born From This Province % Correct
Ottawa (Ont part) CMA 82,870 Quebec
100%
Calgary CMA 64,040 British Columbia
89%
Vancouver CMA 109,580 Ontario
89%
Calgary CMA 91,650 Ontario
89%
Winnipeg CMA 30,355 Ontario
89%
Montreal CMA 60,035 Ontario
89%
Vancouver CMA 78,950 Alberta
84%
Vancouver CMA 39,520 Manitoba
84%
Toronto CMA 93,260 Quebec
84%
Winnipeg CMA 11,610 Alberta
79%
Toronto CMA 31,695 British Columbia
79%
Montreal CMA 8,225 British Columbia
79%
Calgary CMA 65,975 Saskatchewan
79%
Toronto CMA 30,970 Alberta
74%
Montreal CMA 17,065 New Brunswick
74%
Winnipeg CMA 16,095 Saskatchewan
74%
Halifax CMA 35,165 Ontario
68%
Ottawa (Ont part) CMA 17,460 Nova Scotia
63%
Ottawa (Ont part) CMA 15,260 Alberta
58%
Halifax CMA 18,005 Newfoundland and Labrador
53%
Halifax CMA 19,205 New Brunswick
42%
No matching quizzes found
Score Distribution
Percent of People with Each Score
Percentile by Number Answered
Your Score History
You have not taken this quiz